00467nam a2200157Ia 4500020001800000082002200018100002100040245005200061260003900113300000800152504003600160650002500196650003900221650002900260700002000289 a9788178298214 a155.9040954 HAR-C aHariharan, Meena 0aCoping with life stress : the Indian experience aNew DelhibSage Publicationsc2008 a286 aincludes bibliography and index aStress (Psychology)  aStress (Psychology) vCase studies aStress managementzIndia aRath, Radhanath